000 00757nam a22002537a 4500
003 BD-DhJNU
005 20250413040620.0
008 250413b |||||||| |||| 00| 0 eng d
020 _a8170338069
040 _aBD-DhJNU
_bENG
_cBD-DhJNU
_dBD-DhJNU
082 _223
_a300.72 ALR
100 _aAlston, Margaret
245 _aResearch for social workers :
_ban introduction to methods /
_cMargaret Alston and Wendy Bowles
250 _a2nd ed.
260 _aJaipur :
_bRawat Publications,
_c2003.
300 _aix, 334p. :
_bill. ;
_c25 cm.
504 _aIncludes bibliographies and index
650 _aSociology
650 _aResearch
650 _aSocial Workers
650 _a Research Methods
700 _aBowles, Wendy
942 _2ddc
_cBK
_n0
999 _c1570
_d1570